<?xml version="1.0" encoding="UTF-8"?>
<marc:record xmlns:marc="http://www.loc.gov/MARC21/slim">
   <marc:leader>00000nam a2200000 a 4500</marc:leader>
   <marc:datafield ind1="1" ind2=" " tag="100">
      <marc:subfield code="a">Strachan, Mari</marc:subfield>
      <marc:subfield code="4">aut</marc:subfield>
      <marc:subfield code="e">Verfasser/-in</marc:subfield>
   </marc:datafield>
   <marc:datafield ind1="1" ind2=" " tag="100">
      <marc:subfield code="a">Kemper, Eva</marc:subfield>
      <marc:subfield code="4">trl</marc:subfield>
      <marc:subfield code="e">Übersetzer/-in</marc:subfield>
   </marc:datafield>
   <marc:datafield ind1="1" ind2=" " tag="100">
      <marc:subfield code="a">Strachan, Mari</marc:subfield>
   </marc:datafield>
   <marc:datafield ind1=" " ind2=" " tag="653">
      <marc:subfield code="a">Mädchen</marc:subfield>
   </marc:datafield>
   <marc:datafield ind1=" " ind2=" " tag="653">
      <marc:subfield code="a">Fantasiereise</marc:subfield>
   </marc:datafield>
   <marc:datafield ind1=" " ind2=" " tag="653">
      <marc:subfield code="a">Fliegen</marc:subfield>
   </marc:datafield>
   <marc:datafield ind1=" " ind2=" " tag="653">
      <marc:subfield code="a">Softcover / Belletristik/Erzählende Literatur</marc:subfield>
   </marc:datafield>
   <marc:datafield ind1=" " ind2=" " tag="653">
      <marc:subfield code="a">Fiktionale Darstellung</marc:subfield>
   </marc:datafield>
   <marc:datafield ind1=" " ind2=" " tag="653">
      <marc:subfield code="a">Belletristische Darstellung</marc:subfield>
   </marc:datafield>
   <marc:datafield ind1="0" ind2="0" tag="245">
      <marc:subfield code="a">Die Welt summt in b-Moll</marc:subfield>
   </marc:datafield>
   <marc:datafield ind1="0" ind2="0" tag="245">
      <marc:subfield code="b">Roman</marc:subfield>
   </marc:datafield>
   <marc:datafield ind1="0" ind2="0" tag="245">
      <marc:subfield code="c">Mari Strachan. Aus dem Engl. von Eva Kemper</marc:subfield>
   </marc:datafield>
   <marc:datafield ind1=" " ind2="1" tag="264">
      <marc:subfield code="a">Köln</marc:subfield>
      <marc:subfield code="b">DuMont</marc:subfield>
      <marc:subfield code="c">2009</marc:subfield>
   </marc:datafield>
   <marc:datafield ind1=" " ind2=" " tag="250">
      <marc:subfield code="a">1. Aufl.</marc:subfield>
   </marc:datafield>
   <marc:datafield ind1="1" ind2=" " tag="520">
      <marc:subfield code="a">Angaben aus der Verlagsmeldung

Die Welt summt in b-Moll : Roman The Earth Hums in B-Flat / von Mari Strachan

Gwenni hat eine Gabe – sie kann fliegen. Allerdings nur, wenn sie schläft. Ihre liebsten Dinge auf der Welt sind Erdbeerpudding, Krimis und schwierige Fragen stellen. Das Problem dabei ist: Nicht nur ihrer Mutter geht das ungewöhnliche, ein wenig altkluge Mädchen auf die Nerven. Auch unter den Kindern der kleinen walisischen Bergarbeiterstadt bleibt Gwenni eine Außenseiterin. Ihre einzige Verbündete ist die Nachbarin, auf deren kleine Töchter sie manchmal aufpasst. Als deren Mann eines Tages spurlos verschwindet, beschließt Gwenni, heraus­zufinden, wo er eigentlich abge­blieben ist. Sie will ihrer Freundin helfen und löst damit versehentlich eine Katastrophe aus.
Gwenni Morgan ist eine unvergessliche Heldin. Sie könnte Tom Sawyers kleine walisische Schwester sein, denn sie steckt voller Streiche und bezaubernder Einfälle. Aber in ihrer hinreißenden Originalität erinnert sie auch an den wunderbaren Christopher Boone aus ›Supergute Tage‹. Das detailgetreue, liebevolle Porträt einer walisischen Kleinstadt in den 50er Jahren wird durch Gwennis Präsenz zu einem magischen Roman, der uns in eine ganz andere Welt versetzt.
</marc:subfield>
   </marc:datafield>
   <marc:datafield ind1=" " ind2=" " tag="020">
      <marc:subfield code="a">9783832180911</marc:subfield>
      <marc:subfield code="9">9783832180911</marc:subfield>
   </marc:datafield>
   <marc:datafield ind1=" " ind2=" " tag="041">
      <marc:subfield code="a">ger</marc:subfield>
   </marc:datafield>
   <marc:datafield ind1=" " ind2=" " tag="300">
      <marc:subfield code="a">316 S.</marc:subfield>
   </marc:datafield>
</marc:record>
